[Event "I Miedzynarodowy Memorial Ireny Warakoms"]
[Site "Suwalki"]
[Date "2017.08.11"]
[Round "9.2"]
[White "Backiel, Hubert"]
[Black "Wielgus, Wojciech"]
[Result "1/2-1/2"]
[WhiteElo "1341"]
[BlackElo "1324"]
[PlyCount "86"]
[EventDate "2017.??.??"]

1. c4 e5 2. Nc3 Nc6 3. Nf3 d6 4. g3 Be6 5. d3 h6 6. Bg2 Qd7 7. Bd2 g6 8. O-O
Bg7 9. Rb1 Nge7 10. b4 O-O 11. Qc1 Kh7 12. Rd1 f5 13. Ne1 g5 14. b5 Nd8 15. a4
c6 16. Qa3 Kh8 17. Nc2 Rg8 18. a5 a6 19. Na4 Nc8 20. bxc6 bxc6 21. Nb6 Nxb6 22.
Rxb6 d5 23. cxd5 cxd5 24. Rdb1 e4 25. d4 Bf8 26. Qb2 Bd6 27. e3 Bc7 28. Rb3 Nc6
29. Qa2 Rgc8 30. R3b2 Qd8 31. Ra1 Rcb8 32. Rxb8 Rxb8 33. Bf1 Ra8 34. Nb4 Nxb4
35. Bxb4 Kg7 36. Rc1 Bc8 37. Rc5 Bb7 38. Rc3 Kh7 39. Qa3 Kg7 40. Rc2 Kh7 41.
Bh3 Kg6 42. Bf1 Kh7 43. Qc3 Rc8 1/2-1/2

[Event "I Miedzynarodowy Memorial Ireny Warakoms"]
[Site "Suwalki"]
[Date "2017.08.11"]
[Round "9.3"]
[White "Zielinski, Konrad"]
[Black "Mecelica, Erikas"]
[Result "0-1"]
[WhiteElo "1573"]
[BlackElo "1260"]
[PlyCount "60"]
[EventDate "2017.??.??"]

1. e4 c5 2. d4 cxd4 3. c3 dxc3 4. Nxc3 e6 5. Bc4 a6 6. a4 Qc7 7. Qe2 Nc6 8. Nf3
Bb4 9. O-O Bxc3 10. bxc3 Nge7 11. Rd1 O-O 12. Ba3 Re8 13. Bd6 Qa5 14. e5 Nf5
15. Ba3 Qxc3 16. Ng5 h6 17. Ne4 Qxe5 18. Bb2 Ncd4 19. Qd3 d5 20. Bxd4 Nxd4 21.
Qxd4 Qxe4 22. Qxe4 dxe4 23. Rd4 f5 24. Rad1 Kf7 25. Kf1 b5 26. axb5 axb5 27.
Bxb5 Ba6 28. Rd7+ Re7 29. Rxe7+ Kxe7 30. Bxa6 Rxa6 0-1

[Event "I Miedzynarodowy Memorial Ireny Warakoms"]
[Site "Suwalki"]
[Date "2017.08.11"]
[Round "9.4"]
[White "Sadlak, Rafal"]
[Black "Jasinowicz, Waclaw"]
[Result "0-1"]
[WhiteElo "1545"]
[BlackElo "1526"]
[PlyCount "54"]
[EventDate "2017.??.??"]

1. e4 e5 2. Nf3 Nc6 3. Bc4 Bc5 4. O-O Nf6 5. d3 h6 6. c3 d6 7. h3 Be6 8. Bb5 a6
9. Ba4 b5 10. Bc2 Bb6 11. d4 Bd7 12. Be3 O-O 13. Re1 Re8 14. Nbd2 Rc8 15. g4
exd4 16. cxd4 Nh7 17. Kh2 Qf6 18. e5 dxe5 19. d5 Nd4 20. Nxd4 exd4 21. Ne4 Qe5+
22. f4 Qxd5 23. Nc3 Qd6 24. Qd3 Nf6 25. g5 dxe3 26. Qxd6 cxd6 27. gxf6 b4 0-1

[Event "I Miedzynarodowy Memorial Ireny Warakoms"]
[Site "Suwalki"]
[Date "2017.08.11"]
[Round "9.5"]
[White "Verre, Gaetano"]
[Black "Mykhaylyak, Wiktoria"]
[Result "0-1"]
[WhiteElo "1525"]
[BlackElo "1361"]
[PlyCount "58"]
[EventDate "2017.??.??"]

1. e4 c5 2. Nc3 Nc6 3. f4 e5 4. d3 Nf6 5. Nf3 d6 6. fxe5 Nxe5 7. h3 Be7 8. Nd5
Nxd5 9. exd5 O-O 10. Be2 Bh4+ 11. Nxh4 Qxh4+ 12. Kf1 f5 13. Qe1 Qd4 14. Bf3
Nxf3 15. gxf3 Qxd5 16. Qg3 Rf6 17. Kf2 Qd4+ 18. Ke2 Bd7 19. Rb1 Re8+ 20. Kd1 c4
21. f4 Bb5 22. Qf3 cxd3 23. Bd2 dxc2+ 24. Kxc2 Bc6 25. Qb3+ Bd5 26. Qb5 Rc8+
27. Bc3 Bxh1 28. Qd7 Be4+ 29. Kb3 Qc4+ 0-1

[Event "I Miedzynarodowy Memorial Ireny Warakoms"]
[Site "Suwalki"]
[Date "2017.08.11"]
[Round "9.6"]
[White "Hancharevich, Heorhi"]
[Black "Ossolinska, Matylda"]
[Result "1-0"]
[WhiteElo "1349"]
[BlackElo "1485"]
[PlyCount "86"]
[EventDate "2017.??.??"]

1. e4 e6 2. d4 d5 3. exd5 exd5 4. c4 Nf6 5. Nc3 c6 6. Bd3 Bd6 7. Nf3 O-O 8. O-O
Bg4 9. Bg5 dxc4 10. Bxc4 Nbd7 11. Ne4 Be7 12. Nxf6+ Bxf6 13. Be3 Nb6 14. Be2
Nd5 15. h3 Bxf3 16. Bxf3 Re8 17. Qb3 Rb8 18. Bxd5 Qxd5 19. Qxd5 cxd5 20. Rac1
Rbc8 21. Rfd1 b6 22. Kf1 h6 23. Kg1 Kf8 24. Kf1 Ke7 25. Ke2 Kd7 26. Kd3 Rxc1
27. Rxc1 Rc8 28. Rxc8 Kxc8 29. Bf4 a6 30. Be5 Bxe5 31. dxe5 Kd7 32. Kd4 Ke6 33.
b4 f6 34. f4 fxe5+ 35. fxe5 h5 36. h4 g6 37. g3 b5 38. a3 g5 39. hxg5 Kf5 40.
Kxd5 Kxg5 41. e6 Kg4 42. e7 Kxg3 43. e8=Q h4 1-0

[Event "I Miedzynarodowy Memorial Ireny Warakoms"]
[Site "Suwalki"]
[Date "2017.08.11"]
[Round "9.7"]
[White "Mucha, Marek"]
[Black "Rak, Jacek"]
[Result "0-1"]
[WhiteElo "1456"]
[BlackElo "1303"]
[PlyCount "78"]
[EventDate "2017.??.??"]

1. f4 d5 2. Nf3 Nc6 3. e3 Bf5 4. Bb5 Bd7 5. O-O e6 6. b3 Be7 7. Bb2 Bf6 8. d4
Nge7 9. g4 g6 10. Nbd2 O-O 11. Rf2 Nxd4 12. Bxd4 Bxd4 13. Nxd4 c5 14. Bxd7 cxd4
15. exd4 Qxd7 16. Nf3 Nc6 17. Ne5 Nxe5 18. fxe5 Rac8 19. g5 Rc3 20. Rf3 Qc6 21.
Rc1 Rc8 22. Rf2 Qa6 23. Qf1 Qxf1+ 24. Kxf1 h6 25. gxh6 Rh3 26. c4 Rxh6 27. c5
Rh4 28. Rd1 b6 29. b4 bxc5 30. bxc5 Rh3 31. Rc2 Rc6 32. Rb2 Ra3 33. Rdd2 Rc7
34. Rb3 Ra4 35. Rc2 f6 36. exf6 Kf7 37. Rf3 g5 38. Kf2 Rc8 39. Rg3 Kxf6 0-1

[Event "I Miedzynarodowy Memorial Ireny Warakoms"]
[Site "Suwalki"]
[Date "2017.08.11"]
[Round "9.8"]
[White "Waszkowska, Karolina"]
[Black "Kutylo, Konrad"]
[Result "0-1"]
[WhiteElo "1344"]
[BlackElo "1419"]
[PlyCount "56"]
[EventDate "2017.??.??"]

1. e4 e6 2. d4 d5 3. e5 c5 4. dxc5 Bxc5 5. Qg4 Bf8 6. Nf3 Qc7 7. Bd3 Nc6 8. Qg3
Nge7 9. c3 Bd7 10. O-O Ng6 11. Re1 O-O-O 12. b4 Be7 13. Na3 Nb8 14. Be3 b6 15.
Bb5 Kb7 16. Rac1 Nc6 17. Bd2 h5 18. Bxc6+ Bxc6 19. Nd4 a6 20. Nxe6 fxe6 21.
Qxg6 Qd7 22. Qxg7 Rhg8 23. Qh6 d4 24. cxd4 Qd5 25. Kf1 Qxg2+ 26. Ke2 Qf3+ 27.
Kf1 Rg1+ 28. Kxg1 Qg2# 0-1

[Event "I Miedzynarodowy Memorial Ireny Warakoms"]
[Site "Suwalki"]
[Date "2017.08.11"]
[Round "9.9"]
[White "Kieca, Aleksandra"]
[Black "Szczygiel, Antoni"]
[Result "0-1"]
[WhiteElo "1320"]
[BlackElo "1396"]
[PlyCount "106"]
[EventDate "2017.??.??"]

1. e4 d6 2. d4 g6 3. Nc3 Bg7 4. h3 e5 5. Nf3 exd4 6. Nxd4 Nd7 7. Bc4 a6 8. Bb3
Nc5 9. Bc4 Ne7 10. O-O O-O 11. Bg5 h6 12. Be3 Kh7 13. Qd2 Bd7 14. Rad1 Qc8 15.
Nf3 Bxc3 16. Qxc3 Nxe4 17. Qd3 Bf5 18. Qe2 h5 19. Bd3 d5 20. Bd4 c5 21. Be5 f6
22. Bh2 Re8 23. c4 Qc6 24. cxd5 Nxd5 25. Bxe4 Bxe4 26. Rfe1 b5 27. Qd2 Bxf3 28.
gxf3 Red8 29. Qe2 Ra7 30. Rd2 Rad7 31. Red1 Re7 32. Qf1 Qe6 33. a3 Qf5 34. f4
Red7 35. Qg2 Kh6 36. Qf3 Kg7 37. Qd3 Qxd3 38. Rxd3 Nb6 39. Rxd7+ Rxd7 40. Rc1
c4 41. h4 Rd2 42. Rb1 Nd5 43. Bg3 Kf7 44. Kg2 a5 45. b3 c3 46. a4 b4 47. Kf3 f5
48. Bh2 Rb2 49. Rd1 Ke6 50. Re1+ Kd6 51. Rg1 Ne7 52. Rd1+ Ke6 53. Re1+ Kf6 0-1